[Event "USA ch 2013 Women's"]
[Site "Saint Louis USA"]
[Date "2013.05.03"]
[Round "1.1"]
[White "Abrahamyan, Tatev"]
[Black "Foisor, Sabina"]
[Result "1-0"]
[WhiteElo "2280"]
[BlackElo "2300"]
[PlyCount "173"]
[EventDate "2013.05.03"]
[EventType "tourn"]
[EventRounds "9"]
[EventCountry "USA"]
[EventCategory "2"]
[Source "lmi"]
[SourceDate "2013.05.03"]

1. e4 e6 2. d4 d5 3. Nd2 c5 4. Ngf3 Nc6 5. exd5 exd5 6. Bb5 a6 7. Bxc6+ bxc6 8.
O-O Nf6 9. Re1+ Be6 10. Ng5 Qd7 11. Ndf3 Be7 12. Ne5 Qc8 13. dxc5 O-O 14. Nxe6
fxe6 15. Be3 Rb8 16. Bd4 Ne4 17. Nd3 Bf6 18. Bxf6 Rxf6 19. f3 Ng5 20. Qd2 h6
21. Ne5 Rxb2 22. Qc3 Rb7 23. Rab1 Nf7 24. Rb6 Nxe5 25. Qxe5 Qc7 26. Qxc7 Rxc7
27. Rxa6 Kf7 28. Ra4 Rb7 29. Re3 Rb5 30. Ra7+ Kg6 31. Rc3 Rf4 32. Ra6 d4 33.
Rc4 Kf6 34. Rxc6 Ke5 35. Rd6 d3 36. Rc3 dxc2 37. Rxc2 Rf7 38. Rd3 Rc7 39. c6
Rb6 40. Rdc3 Kd6 41. Kf2 Ra6 42. Ke3 Ra5 43. Rc4 Ra3+ 44. Ke4 Ke7 45. Ke5 Ra5+
46. Rc5 Rxc6 47. Rxa5 Rxc2 48. Ra7+ Kf8 49. Kxe6 Re2+ 50. Kf5 Rxg2 51. h4 Rh2
52. Kg4 Rg2+ 53. Kh3 Rc2 54. a4 Rc4 55. a5 Ra4 56. h5 Kg8 57. Kg3 Kh7 58. f4
Ra1 59. a6 Ra5 60. Kg4 Kg8 61. f5 Ra4+ 62. Kf3 Kf8 63. Ke3 Kg8 64. Kd3 Ra5 65.
Ke4 Kh8 66. Ra8+ Kh7 67. Kf4 Ra1 68. Ke5 Ra5+ 69. Ke6 Ra1 70. Kd6 Ra5 71. Kc6
Rxf5 72. Rc8 Rxh5 73. a7 Ra5 74. a8=Q Rxa8 75. Rxa8 Kg6 76. Kd5 Kf5 77. Rf8+
Kg4 78. Ke4 g5 79. Ke3 h5 80. Kf2 Kh3 81. Rf3+ Kg4 82. Kg2 h4 83. Ra3 Kh5 84.
Ra4 g4 85. Ra8 Kg5 86. Rh8 g3 87. Kf3 1-0

[Event "USA ch 2013 Women's"]
[Site "Saint Louis USA"]
[Date "2013.05.03"]
[Round "1.2"]
[White "Baginskaite, Camilla"]
[Black "Ni, Viktorija"]
[Result "1/2-1/2"]
[WhiteElo "2278"]
[BlackElo "2262"]
[PlyCount "81"]
[EventDate "2013.05.03"]
[EventType "tourn"]
[EventRounds "9"]
[EventCountry "USA"]
[EventCategory "2"]
[Source "lmi"]
[SourceDate "2013.05.03"]

1. d4 Nf6 2. c4 e6 3. Nc3 Bb4 4. e3 O-O 5. Nge2 Re8 6. a3 Bf8 7. e4 d5 8. cxd5
exd5 9. e5 Nfd7 10. Be3 c5 11. f4 Nc6 12. g3 cxd4 13. Nxd4 Ndxe5 14. fxe5 Rxe5
15. Qd2 Qg5 16. Kf2 Qf6+ 17. Kg2 Rxe3 18. Qxe3 Nxd4 19. Nxd5 Bh3+ 20. Kxh3 Qf5+
21. g4 Qxd5 22. Bg2 Qd7 23. Rad1 Rd8 24. Rhf1 h5 25. Qf4 Ne6 26. Qf5 hxg4+ 27.
Qxg4 Nf4+ 28. Rxf4 Qxg4+ 29. Kxg4 Rxd1 30. Bxb7 Rd2 31. h4 Bd6 32. Rf3 Rd4+ 33.
Kh3 Be7 34. Re3 Kf8 35. Re4 Rd2 36. Ra4 Rxb2 37. Rxa7 Rb3+ 38. Kg4 Rxa3 39.
Rxa3 Bxa3 40. h5 Ke7 41. Bd5 1/2-1/2

[Event "USA ch 2013 Women's"]
[Site "Saint Louis USA"]
[Date "2013.05.03"]
[Round "1.4"]
[White "Zenyuk, Iryna"]
[Black "Chiang, Sarah"]
[Result "1-0"]
[WhiteElo "2243"]
[BlackElo "2098"]
[PlyCount "121"]
[EventDate "2013.05.03"]
[EventType "tourn"]
[EventRounds "9"]
[EventCountry "USA"]
[EventCategory "2"]
[Source "lmi"]
[SourceDate "2013.05.03"]

1. d4 Nf6 2. c4 e6 3. Nc3 Bb4 4. e3 O-O 5. Bd3 d5 6. Nf3 c5 7. O-O cxd4 8. exd4
dxc4 9. Bxc4 b6 10. Ne5 Bb7 11. Bg5 h6 12. Bh4 Nbd7 13. Qe2 Rc8 14. Rac1 Nxe5
15. dxe5 Qd4 16. exf6 Rxc4 17. fxg7 Qxg7 18. Bg3 Rg4 19. Nd1 Bc5 20. Ne3 Rg6
21. a3 a5 22. b4 axb4 23. axb4 Bxb4 24. Qb5 Bd6 25. Qxb6 Bxg3 26. hxg3 Ba8 27.
Rfd1 Qf6 28. Rc7 h5 29. Rd4 Qg5 30. Rcd7 Kh8 31. Rd8 Rgg8 32. Rxf8 Rxf8 33. Rf4
Kg8 34. Qc7 Qb5 35. Qe7 Qb1+ 36. Kh2 Qg6 37. Rf6 Qg7 38. Rf4 Qg6 39. Nc4 Bd5
40. Ne5 Qg7 41. Nd7 Ra8 42. Nf6+ Kh8 43. Rh4 Qf8 44. Rxh5+ Kg7 45. Rg5+ Kh8 46.
Qxf8+ Rxf8 47. Nxd5 exd5 48. Rxd5 Kg7 49. g4 Rb8 50. Kg3 Kg6 51. Rd6+ Kg7 52.
g5 Rb4 53. f4 Rb2 54. Kf3 Rb4 55. Kg4 Rb2 56. g3 Rb3 57. Rd7 Rb4 58. Kh5 Rb5
59. g4 Rb6 60. f5 Kg8 61. f6 1-0

[Event "USA ch 2013 Women's"]
[Site "Saint Louis USA"]
[Date "2013.05.04"]
[Round "2.1"]
[White "Foisor, Sabina"]
[Black "Belakovskaia, Anjelina"]
[Result "0-1"]
[WhiteElo "2300"]
[BlackElo "2263"]
[PlyCount "126"]
[EventDate "2013.05.03"]
[EventType "tourn"]
[EventRounds "9"]
[EventCountry "USA"]
[EventCategory "2"]
[Source "lmi"]
[SourceDate "2013.05.03"]

1. d4 d5 2. c4 e5 3. dxe5 d4 4. Nf3 Nc6 5. g3 Nge7 6. Bg2 Ng6 7. a3 Ngxe5 8.
Nbd2 a5 9. b3 Be7 10. O-O O-O 11. Bb2 Nxf3+ 12. Nxf3 Bf6 13. Qd3 Re8 14. Rfe1
Bg4 15. Rad1 Qd7 16. Nxd4 Nxd4 17. Bxd4 Rad8 18. Be3 Qe7 19. Qc2 Qxa3 20. Bxb7
Rxd1 21. Rxd1 Rb8 22. Be4 Qxb3 23. Bxh7+ Kh8 24. Rd5 g6 25. Bxg6 fxg6 26. Qxg6
Qb1+ 27. Qxb1 Rxb1+ 28. Kg2 a4 29. Ra5 Rb4 30. f3 Bd7 31. c5 Bb2 32. Ra8+ Kg7
33. Ra7 Bb5 34. c6 Be5 35. f4 Bd6 36. h4 Bxc6+ 37. Kf2 Rb7 38. Ra6 Bb5 39. Bd4+
Kf7 40. Ra8 c5 41. Bc3 Bd7 42. e4 Rb3 43. Bh8 c4 44. Ra6 Bc5+ 45. Ke2 Rxg3 46.
f5 Re3+ 47. Kd2 Rxe4 48. Kc3 Rxh4 49. Be5 Re4 50. Bh8 Bb5 51. Ra5 Re3+ 52. Kc2
Rb3 53. Bc3 Bb4 54. Ra7+ Ke8 55. Ra8+ Ke7 56. f6+ Ke6 57. Bd4 c3 58. Rc8 Rb2+
59. Kc1 Bd3 60. Rc6+ Kd5 61. Bxc3 Rc2+ 62. Kd1 Rxc3 63. Rb6 Rb3 0-1

[Event "USA ch 2013 Women's"]
[Site "Saint Louis USA"]
[Date "2013.05.04"]
[Round "2.5"]
[White "Abrahamyan, Tatev"]
[Black "Baginskaite, Camilla"]
[Result "1-0"]
[WhiteElo "2280"]
[BlackElo "2278"]
[PlyCount "37"]
[EventDate "2013.05.03"]
[EventType "tourn"]
[EventRounds "9"]
[EventCountry "USA"]
[EventCategory "2"]
[Source "lmi"]
[SourceDate "2013.05.03"]

1. e4 e5 2. Nf3 Nc6 3. Bc4 Bc5 4. O-O Nf6 5. d3 d6 6. c3 O-O 7. Nbd2 a6 8. Bb3
h6 9. Re1 Re8 10. Nf1 Ba7 11. Ng3 d5 12. exd5 Na5 13. Nxe5 Nxb3 14. Qxb3 Ng4
15. d4 Qh4 16. Bf4 Qxh2+ 17. Kf1 Bf5 18. c4 Bxd4 19. Nf3 1-0

[Event "USA ch 2013 Women's"]
[Site "Saint Louis USA"]
[Date "2013.05.05"]
[Round "3.1"]
[White "Baginskaite, Camilla"]
[Black "Foisor, Sabina"]
[Result "1-0"]
[WhiteElo "2278"]
[BlackElo "2300"]
[PlyCount "113"]
[EventDate "2013.05.03"]
[EventType "tourn"]
[EventRounds "9"]
[EventCountry "USA"]
[EventCategory "2"]
[Source "lmi"]
[SourceDate "2013.05.03"]

1. d4 g6 2. c4 Bg7 3. Nf3 d6 4. Nc3 Nd7 5. g3 e5 6. Bg2 Ne7 7. O-O O-O 8. e4
exd4 9. Nxd4 a6 10. f4 Nb6 11. b3 c5 12. Nde2 Bg4 13. Bb2 f5 14. Qd2 Qc7 15.
Rae1 Rae8 16. h3 Bh5 17. Kh2 Kh8 18. Ng1 Nc6 19. Bf3 Nd4 20. Bxh5 gxh5 21. exf5
Nxf5 22. Nf3 Qf7 23. Rxe8 Qxe8 24. Re1 Qg6 25. Ne4 h6 26. Bxg7+ Qxg7 27. Qc3
Re8 28. Qxg7+ Kxg7 29. Kg2 Nc8 30. g4 hxg4 31. hxg4 Nfe7 32. Ng3 Kf7 33. Nh4
Rg8 34. Kf3 Rh8 35. Rh1 b5 36. Rd1 bxc4 37. bxc4 a5 38. Rb1 d5 39. cxd5 Nd6 40.
Ne4 Nxe4 41. Kxe4 Re8 42. Nf3 Nc8+ 43. Ne5+ Kf6 44. Kf3 Nd6 45. Nd7+ Kf7 46.
Rb6 Nc4 47. Rb7 Nd2+ 48. Kg3 c4 49. Rc7 c3 50. Ne5+ Kg8 51. Kh4 Ne4 52. Nf7 Rf8
53. Nxh6+ Kh8 54. Nf5 Rf6 55. d6 Nxd6 56. Nxd6 Rxd6 57. Rxc3 1-0

[Event "USA ch 2013 Women's"]
[Site "Saint Louis USA"]
[Date "2013.05.05"]
[Round "3.2"]
[White "Kats, Alena"]
[Black "Abrahamyan, Tatev"]
[Result "1/2-1/2"]
[WhiteElo "2144"]
[BlackElo "2280"]
[PlyCount "67"]
[EventDate "2013.05.03"]
[EventType "tourn"]
[EventRounds "9"]
[EventCountry "USA"]
[EventCategory "2"]
[Source "lmi"]
[SourceDate "2013.05.03"]

1. e4 e6 2. d3 d5 3. Nd2 Nf6 4. g3 dxe4 5. dxe4 Nc6 6. Bg2 Bc5 7. Ngf3 e5 8.
O-O O-O 9. c3 a5 10. Qc2 b6 11. Nb3 Bd6 12. a4 Bb7 13. Nh4 Ne8 14. Nf5 Ne7 15.
Ne3 Nf6 16. f4 Qc8 17. fxe5 Bxe5 18. Nc4 Ng6 19. Nxe5 Nxe5 20. Bf4 Re8 21. Rad1
c5 22. c4 Bc6 23. Nd2 Qb7 24. Bg5 Nfd7 25. b3 Ng6 26. Nb1 h6 27. Bc1 Nf6 28.
Nc3 Nxe4 29. Nd5 Ng5 30. h4 Ne6 31. Qf2 Nd4 32. Be3 Ne6 33. Bc1 Nd4 34. Be3
1/2-1/2

[Event "USA ch 2013 Women's"]
[Site "Saint Louis USA"]
[Date "2013.05.05"]
[Round "3.3"]
[White "Zenyuk, Iryna"]
[Black "Ni, Viktorija"]
[Result "1-0"]
[WhiteElo "2243"]
[BlackElo "2262"]
[PlyCount "93"]
[EventDate "2013.05.03"]
[EventType "tourn"]
[EventRounds "9"]
[EventCountry "USA"]
[EventCategory "2"]
[Source "lmi"]
[SourceDate "2013.05.03"]

1. d4 Nf6 2. c4 e6 3. Nc3 Bb4 4. e3 O-O 5. Bd3 c5 6. Nf3 Bxc3+ 7. bxc3 d6 8.
O-O Nc6 9. e4 e5 10. d5 Ne7 11. Nh4 Kh8 12. g3 Bh3 13. Re1 Nfg8 14. f3 g6 15.
Rb1 b6 16. Rb2 h6 17. Rf2 Kg7 18. Qc2 Qd7 19. g4 Nf6 20. Kh1 h5 21. g5 Nh7 22.
f4 exf4 23. Bxf4 f6 24. gxf6+ Nxf6 25. e5 Ng4 26. exd6 Ng8 27. Bxg6 Qd8 28.
Nf5+ Rxf5 29. Bxf5 Nxf2+ 30. Qxf2 Bxf5 31. Be5+ Kg6 32. Rg1+ Bg4 33. h3 Nh6 34.
hxg4 Nxg4 35. Qc2+ Kh6 36. Qd2+ Kg6 37. Qd3+ Kh6 38. Bf4+ Kg7 39. Qe2 Qh4+ 40.
Kg2 Re8 41. Qxe8 Qf2+ 42. Kh3 Qxg1 43. Qe7+ Kg8 44. Qe6+ Kg7 45. Be5+ Nxe5 46.
Qxe5+ Kh7 47. Qxh5+ 1-0

[Event "USA ch 2013 Women's"]
[Site "Saint Louis USA"]
[Date "2013.05.05"]
[Round "3.5"]
[White "Belakovskaia, Anjelina"]
[Black "Chiang, Sarah"]
[Result "1-0"]
[WhiteElo "2263"]
[BlackElo "2098"]
[PlyCount "137"]
[EventDate "2013.05.03"]
[EventType "tourn"]
[EventRounds "9"]
[EventCountry "USA"]
[EventCategory "2"]
[Source "lmi"]
[SourceDate "2013.05.03"]

1. e4 c6 2. d4 d5 3. Nc3 dxe4 4. Nxe4 Bf5 5. Ng3 Bg6 6. Nf3 Nd7 7. h4 h6 8. h5
Bh7 9. Bd3 Bxd3 10. Qxd3 e6 11. Bf4 Qa5+ 12. Bd2 Bb4 13. c3 Be7 14. c4 Qc7 15.
O-O-O Ngf6 16. Rde1 O-O-O 17. Qe2 Rhe8 18. Kb1 Bd6 19. Rh4 c5 20. Ne4 Nxe4 21.
Qxe4 Nf6 22. Qc2 cxd4 23. Nxd4 Bc5 24. Nb5 Qc6 25. Be3 Bxe3 26. fxe3 Qc5 27. a3
a6 28. Nc3 Qg5 29. Rh3 Nxh5 30. Ne4 Qe5 31. c5 Re7 32. Nd6+ Kb8 33. b4 Nf6 34.
e4 Rc7 35. Rd3 Rdd7 36. Nc4 Qg5 37. Nb6 Ka7 38. Nxd7 Nxd7 39. Qd2 Qe7 40. Qf4
e5 41. Qg4 f6 42. Red1 Qf7 43. Kb2 Nf8 44. Rd6 g6 45. Rf1 h5 46. Qh3 Nh7 47.
Qe3 Rc6 48. Rxc6 bxc6 49. Qd2 Kb7 50. Qd8 Qc7 51. Qe8 Qc8 52. Qxg6 Qd7 53. Kc2
h4 54. Rd1 Qe7 55. Rd6 Kc7 56. Kd3 Kb7 57. Qg4 Nf8 58. Qf5 Qf7 59. Qxf6 Qb3+
60. Ke2 Qc4+ 61. Kf2 Qc2+ 62. Kg1 Qc1+ 63. Kh2 Qf4+ 64. Qxf4 exf4 65. Rf6 Nd7
66. Rf7 Kc8 67. Rxf4 Ne5 68. Rxh4 Nc4 69. Rh3 1-0

[Event "USA ch 2013 Women's"]
[Site "Saint Louis USA"]
[Date "2013.05.06"]
[Round "4.1"]
[White "Foisor, Sabina"]
[Black "Chiang, Sarah"]
[Result "1-0"]
[WhiteElo "2300"]
[BlackElo "2098"]
[PlyCount "71"]
[EventDate "2013.05.03"]
[EventType "tourn"]
[EventRounds "9"]
[EventCountry "USA"]
[EventCategory "2"]
[Source "lmi"]
[SourceDate "2013.05.03"]

1. d4 Nf6 2. c4 e6 3. Nc3 Bb4 4. Qc2 O-O 5. Nf3 b6 6. e4 Bb7 7. Bd3 d5 8. cxd5
exd5 9. e5 Ne4 10. O-O f5 11. exf6 Nxf6 12. Bg5 h6 13. Bh4 Nbd7 14. Bf5 Re8 15.
Rfe1 Nf8 16. a3 Be7 17. Bg3 Nh5 18. Be5 Bf6 19. Bg4 g6 20. Bxh5 gxh5 21. Qf5
Bxe5 22. Nxe5 Re7 23. Qxh5 Qd6 24. Re3 Rg7 25. Rg3 Qe6 26. Ne2 c5 27. Nf4 Qe8
28. Qxh6 Rxg3 29. hxg3 Qe7 30. Nh5 Nh7 31. Qg6+ Kf8 32. Nf4 Re8 33. Ne6+ Qxe6
34. Qxh7 Re7 35. Qh8+ Qg8 36. Ng6+ 1-0

[Event "USA ch 2013 Women's"]
[Site "Saint Louis USA"]
[Date "2013.05.06"]
[Round "4.4"]
[White "Abrahamyan, Tatev"]
[Black "Zenyuk, Iryna"]
[Result "1-0"]
[WhiteElo "2280"]
[BlackElo "2243"]
[PlyCount "59"]
[EventDate "2013.05.03"]
[EventType "tourn"]
[EventRounds "9"]
[EventCountry "USA"]
[EventCategory "2"]
[Source "lmi"]
[SourceDate "2013.05.03"]

1. e4 c5 2. Nf3 Nc6 3. d4 cxd4 4. Nxd4 g6 5. Nc3 Bg7 6. Be3 Nf6 7. Bc4 d6 8. f3
O-O 9. Bb3 Bd7 10. h4 h5 11. Qd2 Rc8 12. O-O-O Ne5 13. Bg5 Rc5 14. Kb1 b5 15.
g4 a5 16. gxh5 a4 17. h6 Bh8 18. h7+ Nxh7 19. Bd5 Bg7 20. f4 Nxg5 21. hxg5 Ng4
22. f5 b4 23. Nce2 Rxd5 24. exd5 Nf2 25. Qf4 Nxd1 26. Qh4 Re8 27. fxg6 Ne3 28.
gxf7+ Kxf7 29. Qh5+ Kg8 30. Ne6 1-0

[Event "USA ch 2013 Women's"]
[Site "Saint Louis USA"]
[Date "2013.05.06"]
[Round "4.5"]
[White "Baginskaite, Camilla"]
[Black "Kats, Alena"]
[Result "1/2-1/2"]
[WhiteElo "2278"]
[BlackElo "2144"]
[PlyCount "124"]
[EventDate "2013.05.03"]
[EventType "tourn"]
[EventRounds "9"]
[EventCountry "USA"]
[EventCategory "2"]
[Source "lmi"]
[SourceDate "2013.05.03"]

1. d4 d5 2. c4 c6 3. Nf3 Nf6 4. e3 e6 5. Bd3 dxc4 6. Bxc4 b5 7. Bd3 a6 8. a4
Bb7 9. O-O Nbd7 10. e4 Be7 11. Bg5 h6 12. Bd2 g5 13. Nc3 b4 14. e5 bxc3 15.
exf6 Nxf6 16. Bxc3 Qd5 17. Qe2 g4 18. Ne1 h5 19. Bc4 Qe4 20. f3 Qxe2 21. Bxe2
Nd5 22. fxg4 hxg4 23. Nd3 Bg5 24. Bxg4 Ne3 25. Bf3 Nxf1 26. Rxf1 Rh6 27. Nc5
Be3+ 28. Kh1 O-O-O 29. Rd1 Rdh8 30. h3 Rg8 31. Rd3 Bf4 32. Ba5 Bc7 33. Bd2 Rf6
34. Rb3 Ba8 35. Nxa6 Rf5 36. Nxc7 Kxc7 37. Be4 Rf1+ 38. Kh2 Rf2 39. Be3 Rf1 40.
Bd3 Ra1 41. Bh7 Rg7 42. Be4 f5 43. Bf3 Rxa4 44. Bf4+ Kd7 45. Rb8 Re7 46. Be5
Re8 47. Rb6 Rc8 48. b4 Ra7 49. h4 Ke8 50. Kg3 Kf7 51. Kf4 Rb7 52. Rxb7+ Bxb7
53. Bh5+ Ke7 54. Bg6 Rg8 55. h5 Bc8 56. Kg5 Bd7 57. Bf6+ Kf8 58. Kh6 Be8 59.
Kh7 Bf7 60. g3 Ke8 61. Kh6 Kf8 62. Kh7 Ke8 1/2-1/2

[Event "USA ch 2013 Women's"]
[Site "Saint Louis USA"]
[Date "2013.05.07"]
[Round "5.1"]
[White "Kats, Alena"]
[Black "Foisor, Sabina"]
[Result "0-1"]
[WhiteElo "2144"]
[BlackElo "2300"]
[PlyCount "82"]
[EventDate "2013.05.03"]
[EventType "tourn"]
[EventRounds "9"]
[EventCountry "USA"]
[EventCategory "2"]
[Source "lmi"]
[SourceDate "2013.05.03"]

1. e4 c6 2. d4 g6 3. Nc3 d5 4. exd5 cxd5 5. Nf3 Bg7 6. Bb5+ Kf8 7. O-O Bg4 8.
h3 Bxf3 9. Qxf3 Nc6 10. Ne2 e6 11. c4 Nf6 12. Bf4 Kg8 13. Rac1 Ne7 14. Bg5 Ne4
15. Bf4 Nd6 16. Qa3 Nef5 17. g4 Nxb5 18. cxb5 Nxd4 19. Nxd4 Bxd4 20. Rc2 Kg7
21. Rfc1 Qf6 22. Be3 Be5 23. Qd3 g5 24. Qd2 h6 25. h4 Qf3 26. Qd1 Qh3 27. f3
Rad8 28. Bd4 Qg3+ 29. Rg2 Qf4 30. Bxe5+ Qxe5 31. h5 Qe3+ 32. Kf1 d4 33. Rf2 Rd5
34. a4 Rhd8 35. Qd2 Qb3 36. Qc2 Qb4 37. Rd2 b6 38. Rd3 Rc5 39. Qb1 Qxa4 40. Ra3
Qxb5+ 41. Kf2 a5 0-1

[Event "USA ch 2013 Women's"]
[Site "Saint Louis USA"]
[Date "2013.05.07"]
[Round "5.2"]
[White "Zenyuk, Iryna"]
[Black "Baginskaite, Camilla"]
[Result "1/2-1/2"]
[WhiteElo "2243"]
[BlackElo "2278"]
[PlyCount "39"]
[EventDate "2013.05.03"]
[EventType "tourn"]
[EventRounds "9"]
[EventCountry "USA"]
[EventCategory "2"]
[Source "lmi"]
[SourceDate "2013.05.03"]

1. d4 Nf6 2. c4 e6 3. Nc3 Bb4 4. e3 O-O 5. Bd3 c5 6. Nf3 d5 7. O-O Nc6 8. a3
Bxc3 9. bxc3 Qc7 10. Bb2 dxc4 11. Bxc4 e5 12. h3 Bf5 13. Qe2 a6 14. a4 Rfe8 15.
Rfd1 Rad8 16. Nh4 Bd7 17. Nf3 Bf5 18. Nh4 Bd7 19. Nf3 Bf5 20. Nh4 1/2-1/2

[Event "USA ch 2013 Women's"]
[Site "Saint Louis USA"]
[Date "2013.05.07"]
[Round "5.5"]
[White "Chiang, Sarah"]
[Black "Krush, Irina"]
[Result "0-1"]
[WhiteElo "2098"]
[BlackElo "2470"]
[PlyCount "62"]
[EventDate "2013.05.03"]
[EventType "tourn"]
[EventRounds "9"]
[EventCountry "USA"]
[EventCategory "2"]
[Source "lmi"]
[SourceDate "2013.05.03"]

1. d4 Nf6 2. c4 e6 3. Nc3 Bb4 4. e3 b6 5. Nge2 c5 6. a3 Ba5 7. Rb1 Na6 8. g3
Bb7 9. d5 b5 10. Bg2 bxc4 11. O-O O-O 12. e4 exd5 13. exd5 d6 14. Qa4 h6 15.
Bf4 Re8 16. Rfd1 Nb8 17. Qxc4 Ba6 18. Nb5 Nbd7 19. Nec3 Ne5 20. Qa4 Bxb5 21.
Qxb5 a6 22. Qa4 Bb6 23. Ne4 Nxe4 24. Bxe4 Qf6 25. Re1 c4 26. Re2 Ng6 27. Qxc4
Nxf4 28. gxf4 Kf8 29. Qb3 Rxe4 30. Rxe4 Qg6+ 31. Qg3 Qxe4 0-1

[Event "USA ch 2013 Women's"]
[Site "Saint Louis USA"]
[Date "2013.05.09"]
[Round "6.1"]
[White "Foisor, Sabina"]
[Black "Krush, Irina"]
[Result "1/2-1/2"]
[WhiteElo "2300"]
[BlackElo "2470"]
[PlyCount "61"]
[EventDate "2013.05.03"]
[EventType "tourn"]
[EventRounds "9"]
[EventCountry "USA"]
[EventCategory "2"]
[Source "lmi"]
[SourceDate "2013.05.03"]

1. d4 Nf6 2. c4 e6 3. Nc3 Bb4 4. Qc2 d5 5. cxd5 exd5 6. Bg5 h6 7. Bxf6 Qxf6 8.
e3 O-O 9. Bd3 c5 10. dxc5 d4 11. exd4 Nc6 12. Nge2 Nxd4 13. Nxd4 Qxd4 14. O-O
Qxc5 15. Rac1 Be6 16. a3 Bxc3 17. Qxc3 Qxc3 18. Rxc3 Rac8 19. Rfc1 Rxc3 20.
Rxc3 Rc8 21. Rxc8+ Bxc8 22. f4 Kf8 23. Kf2 Ke7 24. Ke3 Kd6 25. Kd4 b6 26. b4 f6
27. g3 Bb7 28. Bc4 Bf3 29. Bb3 Bb7 30. Bc4 Bf3 31. Bb3 1/2-1/2

[Event "USA ch 2013 Women's"]
[Site "Saint Louis USA"]
[Date "2013.05.09"]
[Round "6.2"]
[White "Ni, Viktorija"]
[Black "Chiang, Sarah"]
[Result "0-1"]
[WhiteElo "2262"]
[BlackElo "2098"]
[PlyCount "78"]
[EventDate "2013.05.03"]
[EventType "tourn"]
[EventRounds "9"]
[EventCountry "USA"]
[EventCategory "2"]
[Source "lmi"]
[SourceDate "2013.05.03"]

1. c4 e6 2. Nc3 Nf6 3. e4 d6 4. d4 Nbd7 5. Nf3 e5 6. d5 a5 7. h3 Nc5 8. Bd3 g6
9. Bg5 Bg7 10. Bc2 Bd7 11. Qe2 O-O 12. Qe3 Qe8 13. g4 Kh8 14. Nd2 Ng8 15. Qg3
f5 16. gxf5 gxf5 17. exf5 Bxf5 18. Bxf5 Rxf5 19. Nce4 Nxe4 20. Nxe4 b5 21. c5
Qf7 22. Rd1 dxc5 23. d6 Rf3 24. Qg4 cxd6 25. Ke2 Rf8 26. Be3 d5 27. Bxc5 dxe4
28. Rd7 Qc4+ 29. Ke1 R8f7 30. Be3 Rxd7 31. Qxd7 Qd3 32. Qxd3 exd3 33. Bb6 a4
34. Kd2 e4 35. b3 axb3 36. axb3 b4 37. h4 Bc3+ 38. Kd1 Rf6 39. Be3 Ra6 0-1

[Event "USA ch 2013 Women's"]
[Site "Saint Louis USA"]
[Date "2013.05.09"]
[Round "6.3"]
[White "Abrahamyan, Tatev"]
[Black "Belakovskaia, Anjelina"]
[Result "1-0"]
[WhiteElo "2280"]
[BlackElo "2263"]
[PlyCount "145"]
[EventDate "2013.05.03"]
[EventType "tourn"]
[EventRounds "9"]
[EventCountry "USA"]
[EventCategory "2"]
[Source "lmi"]
[SourceDate "2013.05.03"]

1. e4 Nf6 2. e5 Nd5 3. d4 d6 4. Nf3 Bg4 5. Be2 Nc6 6. O-O e6 7. c4 Nde7 8. exd6
Qxd6 9. Nc3 a6 10. d5 exd5 11. cxd5 Bxf3 12. Bxf3 Ne5 13. Be4 f5 14. Bc2 O-O-O
15. Bf4 Nxd5 16. Nxd5 Qxd5 17. Bxf5+ Kb8 18. Bxe5 Bc5 19. Qxd5 Rxd5 20. Bxg7
Re8 21. Bh3 Re2 22. Bc3 b5 23. Bg4 Re8 24. Bf3 Rf5 25. Rfe1 Rg8 26. Kf1 Bd6 27.
h3 b4 28. Bd4 c5 29. Be3 a5 30. Rac1 Rgf8 31. Red1 Kc7 32. Rd5 Rxd5 33. Bxd5
Kb6 34. Be4 Rf7 35. Rd1 Bf8 36. Rd8 a4 37. Rb8+ Ka5 38. Bd3 Rd7 39. Bc4 a3 40.
Rb5+ Ka6 41. Rxb4+ Ka7 42. Ra4+ Kb6 43. Rxa3 Rd1+ 44. Ke2 Rb1 45. Rb3+ Kc6 46.
Bd3 Ra1 47. Be4+ Kd6 48. a3 c4 49. Rc3 Bg7 50. Rxc4 Bxb2 51. Bd4 Bxd4 52. Rxd4+
Ke5 53. Ra4 h5 54. Bd3 h4 55. Rxh4 Rxa3 56. Rg4 Kf6 57. h4 Ra5 58. Rg5 Ra4 59.
Rg6+ Kf7 60. h5 Rh4 61. h6 Kf8 62. h7 Rxh7 63. Rf6+ Rf7 64. Rxf7+ Kxf7 65. Kf3
Kf6 66. Kf4 Ke6 67. g4 Kf6 68. g5+ Kf7 69. Kf5 Kg7 70. g6 Kg8 71. Kf6 Kh8 72.
g7+ Kg8 73. Bc4+ 1-0

[Event "USA ch 2013 Women's"]
[Site "Saint Louis USA"]
[Date "2013.05.09"]
[Round "6.5"]
[White "Kats, Alena"]
[Black "Zenyuk, Iryna"]
[Result "1/2-1/2"]
[WhiteElo "2144"]
[BlackElo "2243"]
[PlyCount "111"]
[EventDate "2013.05.03"]
[EventType "tourn"]
[EventRounds "9"]
[EventCountry "USA"]
[EventCategory "2"]
[Source "lmi"]
[SourceDate "2013.05.03"]

1. e4 c5 2. Nc3 Nc6 3. d3 g6 4. Be3 d6 5. d4 cxd4 6. Bxd4 Nxd4 7. Qxd4 Nf6 8.
e5 dxe5 9. Bb5+ Bd7 10. Qxe5 a6 11. Bxd7+ Qxd7 12. Rd1 Qf5 13. Qxf5 gxf5 14.
Nge2 e6 15. O-O Bc5 16. h3 Ke7 17. a3 Rhd8 18. b4 Ba7 19. a4 Rac8 20. Rxd8 Kxd8
21. Rb1 Ne4 22. Nxe4 fxe4 23. c3 Rc4 24. g4 f5 25. Kg2 Bb8 26. f4 e5 27. fxe5
fxg4 28. Rd1+ Ke8 29. Rd4 gxh3+ 30. Kxh3 b5 31. Rxc4 bxc4 32. Kg4 e3 33. Kf3
Ba7 34. Ng3 Kd7 35. Nf5 Ke6 36. Nxe3 Kxe5 37. Nxc4+ Kd5 38. Ne3+ Kc6 39. c4 Bb8
40. Nf5 Be5 41. Ke4 Bc3 42. Nd4+ Kb7 43. b5 axb5 44. axb5 Kb6 45. Ne6 Be1 46.
Kd5 h5 47. Nd4 Bb4 48. Nf5 Be1 49. Nd6 Bb4 50. Nf5 Be1 51. Nd4 Bb4 52. Nc2 Bc5
53. Ke4 Be7 54. Kf5 Kc5 55. Ne3 Bd8 56. Ke4 1/2-1/2

[Event "USA ch 2013 Women's"]
[Site "Saint Louis USA"]
[Date "2013.05.11"]
[Round "8.1"]
[White "Foisor, Sabina"]
[Black "Ni, Viktorija"]
[Result "1-0"]
[WhiteElo "2300"]
[BlackElo "2262"]
[PlyCount "81"]
[EventDate "2013.05.03"]
[EventType "tourn"]
[EventRounds "9"]
[EventCountry "USA"]
[EventCategory "2"]
[Source "lmi"]
[SourceDate "2013.05.03"]

1. d4 Nf6 2. c4 e6 3. Nc3 Bb4 4. Qc2 Nc6 5. Nf3 d6 6. Bd2 O-O 7. a3 Bxc3 8.
Bxc3 Re8 9. e3 e5 10. d5 Ne7 11. Nd2 c6 12. dxc6 bxc6 13. c5 Bf5 14. Bd3 Bg6
15. Bxg6 Nxg6 16. cxd6 Qxd6 17. O-O Nd5 18. Ba5 Qe6 19. Rac1 Rac8 20. Qc5 Nh4
21. f3 Qh6 22. Rce1 Rb8 23. b4 Re7 24. Ne4 Qg6 25. Ng3 Rb5 26. Qc4 Qh6 27. Qe4
Re8 28. Rf2 Rbb8 29. Rc2 f5 30. Qc4 Re6 31. Nf1 Kh8 32. Kh1 Qf6 33. Rd1 h6 34.
Qa6 Rbe8 35. Qxa7 Qg5 36. Qd7 Nxe3 37. Bd8 Qh5 38. Nxe3 Nxf3 39. gxf3 Qxf3+ 40.
Rg2 Rg8 41. Qxe6 1-0

[Event "USA ch 2013 Women's"]
[Site "Saint Louis USA"]
[Date "2013.05.11"]
[Round "8.3"]
[White "Baginskaite, Camilla"]
[Black "Chiang, Sarah"]
[Result "1-0"]
[WhiteElo "2278"]
[BlackElo "2098"]
[PlyCount "137"]
[EventDate "2013.05.03"]
[EventType "tourn"]
[EventRounds "9"]
[EventCountry "USA"]
[EventCategory "2"]
[Source "lmi"]
[SourceDate "2013.05.03"]

1. d4 Nf6 2. Nf3 e6 3. c4 d5 4. Nc3 Be7 5. Bg5 h6 6. Bh4 O-O 7. e3 b6 8. Qb3
Bb7 9. Bxf6 Bxf6 10. cxd5 Bxd5 11. Nxd5 exd5 12. Rc1 Qd6 13. Be2 c5 14. Qa3 Nd7
15. O-O Qe6 16. Bb5 Be7 17. Qa4 Rfd8 18. Rfd1 a6 19. Bxd7 Rxd7 20. dxc5 bxc5
21. Ne5 Rc7 22. Nd3 Rd8 23. Qa5 Qd6 24. Nf4 d4 25. b4 Rdc8 26. bxc5 Rxc5 27.
Rxc5 Rxc5 28. Qa4 d3 29. Nxd3 Rd5 30. Qe8+ Bf8 31. Qe4 Be7 32. g3 g6 33. Qc4
Bf6 34. Kg2 Kg7 35. f3 a5 36. a4 Qd7 37. h3 Qd6 38. Kf2 Rh5 39. Kg2 Qd7 40. Qg4
Qxg4 41. hxg4 Rd5 42. Kf2 Kf8 43. Ke2 h5 44. gxh5 Rxh5 45. Rc1 Rh2+ 46. Nf2 Be5
47. f4 Bd6 48. Kf3 Ke7 49. g4 Rh8 50. Rc6 Rb8 51. Ra6 Bc7 52. Ra7 Kd7 53. Nd3
Kc6 54. Ra6+ Kd5 55. Rf6 Rf8 56. g5 Bd8 57. e4+ Kc4 58. Ne5+ Kb3 59. Rxf7 Rg8
60. Rb7+ Kxa4 61. Rb8 Ka3 62. Nc4+ Ka4 63. Ne5 Ka3 64. Nc6 a4 65. Nxd8 Ka2 66.
Kg4 a3 67. f5 gxf5+ 68. exf5 Ka1 69. f6 1-0